| 000 | 00877nam a2200229Ia 4500 | ||
|---|---|---|---|
| 003 | OSt | ||
| 005 | 20210901111736.0 | ||
| 008 | 210310s1982 sp ad gr 000 0 spa d | ||
| 020 | _a8474331897 | ||
| 040 |
_aCO-JMCR _cCO-JMCR |
||
| 041 | 0 | _aspa | |
| 082 | 0 | 4 |
_a344.4606363502632 / _bH667l _223 |
| 100 | 1 |
_aHipólito Lancha, Fernando, _eautor _931404 |
|
| 245 | 1 | 0 |
_aLegislación de viviendas de protección oficial / _cFernando Hipolito Lancha, Luis Rodriguez Landrove |
| 260 |
_aMadrid, España : _bMinisterio de Obras Públicas y Urbanismo, _c1982. |
||
| 300 |
_avi, 448 páginas : _bilustraciones y gráficas en blanco y negro ; _c21 cm. |
||
| 500 | _aÍndice cronológico y índice analítico. | ||
| 650 | 1 | 4 |
_aVivienda _931406 |
| 650 | 1 | 4 |
_aRégimen de vivienda _xLey y legislación _939847 |
| 700 | 1 |
_aRodriguez Landrove, Luis, _eautor _939848 |
|
| 942 |
_2ddc _cBK |
||
| 999 |
_c13595 _d13595 |
||